Advances in agronomy. Volume 144 /

Λεπτομέρειες βιβλιογραφικής εγγραφής
Άλλοι συγγραφείς: Sparks, Donald L., 1953- (Επιμελητής έκδοσης)
Μορφή: Ηλ. βιβλίο
Γλώσσα:English
Έκδοση: Amsterdam : Academic Press, 2017.
Σειρά:Advances in Agronomy ; Volume 144
Θέματα:
Διαθέσιμο Online:Full Text via HEAL-Link
LEADER 01099nam a2200325 4500
001 ocn987618432
003 OCoLC
005 20180501122036.0
006 m o d
007 cr un|---aucuu
008 170522s2017 ne o 000 0 eng d
040 |a OPELS  |b eng  |e rda  |e pn  |c OPELS  |d IDEBK  |d OCLCQ  |d GrThAP 
020 |a 9780128124192 
035 |a (OCoLC)987618432 
050 4 |a SB91 
082 0 4 |a 630  |2 23 
049 |a TEFA 
245 0 0 |a Advances in agronomy.  |n Volume 144 /  |c Donald L. Sparks. 
264 1 |a Amsterdam :  |b Academic Press,  |c 2017. 
300 |a 1 online resource. 
336 |a text  |b txt  |2 rdacontent 
337 |a computer  |b c  |2 rdamedia 
338 |a online resource  |b cr  |2 rdacarrier 
490 0 |a Advances in Agronomy ;  |v Volume 144 
588 0 |a Online resource; title from PDF title page (ScienceDirect, viewed May 22, 2017). 
650 0 |a Agronomy. 
650 7 |a Agronomy.  |2 fast  |0 (OCoLC)fst00801886 
655 4 |a Electronic books. 
700 1 |a Sparks, Donald L.,  |d 1953-  |e editor. 
856 4 0 |u https://www.sciencedirect.com/science/bookseries/00652113/144  |z Full Text via HEAL-Link